Landlords go back to the future (Record no. 75611)

MARC details
000 -LEADER
fixed length control field 00898cab a2200205 4500
001 - CONTROL NUMBER
control field L130419
008 - FIXED-LENGTH DATA ELEMENTS--GENERAL INFORMATION
fixed length control field 050726n2005 000 0 eng u
035 ## - SYSTEM CONTROL NUMBER
System control number (Sirsi) u130419
041 ## - LANGUAGE CODE
Language code of text/sound track or separate title eng
100 ## - MAIN ENTRY--PERSONAL NAME
Personal name Hull, Malcolm
245 ## - TITLE STATEMENT
Title Landlords go back to the future
260 ## - PUBLICATION, DISTRIBUTION, ETC.
Date of publication, distribution, etc. 2005
490 ## - SERIES STATEMENT
Series statement Estates Gazette
Volume/sequential designation (0528) 16 July 2005, 118(1)
520 ## - SUMMARY, ETC.
Summary, etc. Examines the rent review issue of commercial lease length. Long leases are often written assuming long terms at review, which results in the tenants paying a discounted rent. Protection for landlords can take the form of ensuring that leases are worded so that subsequent terms yield open market rent.
590 ## - LOCAL NOTE (RLIN)
Local note IKA020805
650 ## - SUBJECT ADDED ENTRY--TOPICAL TERM
Topical term or geographic name entry element THE RITZ HOTEL (LONDON) LTD V RITZ CASINO LTD
650 ## - SUBJECT ADDED ENTRY--TOPICAL TERM
Topical term or geographic name entry element CANARY WHARF INVESTMENTS V TELEGRAPH GROUP LTD
690 ## - LOCAL SUBJECT ADDED ENTRY--TOPICAL TERM (OCLC, RLIN)
Topical term or geographic name as entry element PROPERTY-LEASEHOLD PROPERTY-LANDLORD AND TENANT-LEASES
942 ## - ADDED ENTRY ELEMENTS (KOHA)
Suppress in OPAC 0
Holdings
Withdrawn status Lost status Source of classification or shelving scheme Damaged status Not for loan Home library Current library Shelving location Date acquired Total Checkouts Full call number Barcode Date last seen Copy number Price effective from Koha item type
    Dewey Decimal Classification     London London Journal article 27/07/2005   L130419 130419-1001 06/08/2019 1 06/08/2019 Journal article